The craft of sermon illustration. (Record no. 11540)

000 -LEADER
fixed length control field 00639nam a2200205 a 4500
001 - CONTROL NUMBER
control field :::00009339$&:&@@
003 - CONTROL NUMBER IDENTIFIER
control field OkBaRHE
005 - DATE AND TIME OF LATEST TRANSACTION
control field 20000607103350.0
008 - FIXED-LENGTH DATA ELEMENTS--GENERAL INFORMATION
fixed length control field s1984 j 000 0 eng u
040 ## - CATALOGING SOURCE
Transcribing agency
100 1# - MAIN ENTRY--PERSONAL NAME
Personal name Sangster, W. E., 1900-1960.
245 14 - TITLE STATEMENT
Title The craft of sermon illustration.
260 ## - PUBLICATION, DISTRIBUTION, ETC. (IMPRINT)
Place of publication, distribution, etc Grand Rapids, MI., :
Name of publisher, distributor, etc Baker Book House
Date of publication, distribution, etc 1984
300 ## - PHYSICAL DESCRIPTION
Extent 125 p. ;
Dimensions 19 cm.
650 ## - SUBJECT ADDED ENTRY--TOPICAL TERM
Topical term or geographic name as entry element Homiletical Illustrations
650 ## - SUBJECT ADDED ENTRY--TOPICAL TERM
Topical term or geographic name as entry element Preaching
730 ## - ADDED ENTRY--UNIFORM TITLE
Uniform title The craft of sermon construction.
942 ## - ADDED ENTRY ELEMENTS (KOHA)
Source of classification or shelving scheme
Koha item type Books
Copies
Not for loan Barcode Date last seen Date acquired Permanent Location Full call number Price effective from Copy number Shelving location Withdrawn status Source of classification or shelving scheme Koha item type Damaged status Lost status
 93392010-04-142010-04-14RHEMA Bible Training CollegeBV 4211 .S252010-04-141General Stacks  Books